Central Library OPAC University of Rajshahi

Consumer expenditures in the United States : (Record no. 45701)

MARC details
000 -LEADER
fixed length control field 01230cam a22002772 4500
001 - CONTROL NUMBER
control field 45701
003 - CONTROL NUMBER IDENTIFIER
rucl marc code BD-RJUL
005 - DATE AND TIME OF LATEST TRANSACTION
control field 20211209054045.0
008 - FIXED-LENGTH DATA ELEMENTS--GENERAL INFORMATION
fixed length control field 169727s1939 dcuabk f000 0 eng
035 ## - SYSTEM CONTROL NUMBER
System control number BD-RJUL 45819
040 ## - CATALOGING SOURCE
Original cataloging agency DLC
Transcribing agency CSU
Modifying agency SER
-- EQO
Language of cataloging eng
041 ## - LANGUAGE CODE
Language code of text/sound track or separate title eng
082 ## - DEWEY DECIMAL CLASSIFICATION NUMBER
Classification number 339.40973
Author mark and year CON 1939
110 1# - MAIN ENTRY--CORPORATE NAME
Corporate name or jurisdiction name as entry element United States.
Subordinate unit National Resources Committee.
-- Industrial Committee.
9 (RLIN) 139836
245 10 - TITLE STATEMENT
Title Consumer expenditures in the United States :
Remainder of title estimates for 1935-36 /
Statement of responsibility, etc. National Resources Committee.
260 ## - PUBLICATION, DISTRIBUTION, ETC. (IMPRINT)
Place of publication, distribution, etc. Washington :
Name of publisher, distributor, etc. U.S. Govt. Print. Off.,
Date of publication, distribution, etc. 1939.
300 ## - PHYSICAL DESCRIPTION
Pagination ix, 195 p. :
Illustrations ill. ;
Size 29 cm.
500 ## - GENERAL NOTE
General note Prepared under the direction of the Industrial Committee by Dr. Hildegarde Kneeland and her staff. cf. p. iii.
General note This report on "Consumer Expenditures in the United States" is a companion volume to the study of "Consumer Incomes in the United States" published in 1938. cf. p. iii.
650 #0 - SUBJECT ADDED ENTRY--TOPICAL TERM
Topical term or geographic name as entry element Cost and standard of living
Geographic subdivision United States.
9 (RLIN) 138937
Topical term or geographic name as entry element Income
Geographic subdivision United States.
9 (RLIN) 131312
651 #0 - SUBJECT ADDED ENTRY--GEOGRAPHIC NAME
Geographic name United States
General subdivision Economic conditions
Chronological subdivision 1918-1945.
9 (RLIN) 116912
700 1# - ADDED ENTRY--PERSONAL NAME
Personal name Kneeland, Hildegard,
Dates associated with a name 1889-
942 ## - ADDED ENTRY ELEMENTS (KOHA)
Source of classification or shelving scheme Dewey Decimal Classification
Koha item type Books
Holdings
Lost status Source of classification or shelving scheme Damaged status Not for loan Collection code Permanent Location Current Location Shelving location Date acquired Total Checkouts Full call number Date last seen Copy number Koha item type
  Dewey Decimal Classification     Non-fiction Central Library, University of Rajshahi Central Library, University of Rajshahi   27/07/2016   339.40973 CON 1939 27/07/2016 C-2 Books